Разработка метода измерения широкополосных сигналов нановольтового и микровольтового уровня для электрофизиологических исследований; Международный журнал прикладных и фундаментальных исследований; № 11

Opis bibliograficzny
Parent link:Международный журнал прикладных и фундаментальных исследований.— , 2007-
№ 11.— 2012.— [С. 37-38]
1. autor: Авдеева Д. К. Диана Константиновна
Korporacja: Национальный исследовательский Томский политехнический университет (ТПУ) Институт неразрушающего контроля (ИНК) Лаборатория № 63 (Медицинского приборостроения)
Kolejni autorzy: Рыбалка С. А. Сергей Анатольевич, Южаков М. М. Михаил Михайлович
Streszczenie:Заглавие с экрана
Режим доступа: по договору с организацией-держателем ресурса
Język:rosyjski
Wydane: 2012
Seria:Технические науки
Hasła przedmiotowe:
Dostęp online:http://elibrary.ru/item.asp?id=18724452
http://www.rae.ru/upfs/?section=content&op=show_article&article_id=3138
Format: MixedMaterials Elektroniczne Rozdział
KOHA link:https://koha.lib.tpu.ru/cgi-bin/koha/opac-detail.pl?biblionumber=642261

MARC

LEADER 00000nla0a2200000 4500
001 642261
005 20250128114920.0
035 |a (RuTPU)RU\TPU\network\7200 
090 |a 642261 
100 |a 20150617d2012 k||y0rusy50 ca 
101 0 |a rus 
102 |a RU 
135 |a drcn ---uucaa 
181 0 |a i  
182 0 |a b 
200 1 |a Разработка метода измерения широкополосных сигналов нановольтового и микровольтового уровня для электрофизиологических исследований  |f Д. К. Авдеева, С. А. Рыбалка, М. М. Южаков 
203 |a Текст  |c электронный 
225 1 |a Технические науки 
300 |a Заглавие с экрана 
320 |a [Библиогр.: с. 38 (4 назв.)] 
333 |a Режим доступа: по договору с организацией-держателем ресурса 
461 |t Международный журнал прикладных и фундаментальных исследований  |d 2007- 
463 |t № 11  |v [С. 37-38]  |d 2012 
510 1 |a Determinants of older adults' well-being and modern technologies of its improvement: experience of Germany  |z eng 
610 1 |a электронный ресурс 
610 1 |a труды учёных ТПУ 
700 1 |a Авдеева  |b Д. К.  |c специалист в области неразрушающего контроля  |c профессор Томского политехнического университета, заведующий лабораторией медицинского приборостроения, доктор технических наук  |f 1943-  |g Диана Константиновна  |3 (RuTPU)RU\TPU\pers\27096 
701 1 |a Рыбалка  |b С. А.  |c специалист в области информатики и вычислительной техники  |c доцент Томского политехнического университета, кандидат технических наук  |f 1961-  |g Сергей Анатольевич  |3 (RuTPU)RU\TPU\pers\26755  |9 12398 
701 1 |a Южаков  |b М. М.  |c специалист в области неразрушающего контроля  |c младший научный сотрудник Томского политехнического университета  |g Михаил Михайлович  |3 (RuTPU)RU\TPU\pers\30151 
712 0 2 |a Национальный исследовательский Томский политехнический университет (ТПУ)  |b Институт неразрушающего контроля (ИНК)  |b Лаборатория № 63 (Медицинского приборостроения)  |3 (RuTPU)RU\TPU\col\19731 
801 2 |a RU  |b 63413507  |c 20151009  |g RCR 
856 4 |u http://elibrary.ru/item.asp?id=18724452 
856 4 |u http://www.rae.ru/upfs/?section=content&op=show_article&article_id=3138 
942 |c CF